| LEADER |
01138ngm0a2200253 450 |
| 001 |
16845639 |
| 100 |
|
|
|a 20101130d2010 u u0frey01 ba
|
| 101 |
1 |
|
|a eng
|c eng
|
| 102 |
|
|
|a US
|
| 200 |
0 |
|
|a Dernier Exorcisme (Le)
|f Daniel Stamm, réal.
|g Andrew Gurland, Huck Botko, scénario - Nathan Barr, comp - Louis Herthum, Ashley Bell, Patrick Fabian, ... [et al.] act
|
| 207 |
|
1 |
|a
|
| 215 |
|
|
|a 1 DVD 2 couches sur une simple face (01 h 27 mn)
|c 16/9 coul (PAL) son (Dolby digital 5 1)
|
| 300 |
|
|
|a Droit de prêt et consultation
|
| 330 |
|
|
|a En Louisiane, une équipe de journalistes réalise un reportage sur le révérend Cotton Marcu qui a déjà pratiqué plus de 47 exorcismes... Une bonne surprise, une intrigue glauque, sinueuse à souhait...
|
| 700 |
|
0 |
|a Stamm
|b Daniel
|4 370
|
| 702 |
|
0 |
|a Fabian
|b Patrick
|4 590
|
| 702 |
|
0 |
|a Bell
|b Ashley
|4 590
|
| 702 |
|
0 |
|a Herthum
|b Louis
|4 590
|
| 702 |
|
0 |
|a Botko
|b Huck
|4 690
|
| 702 |
|
0 |
|a Gurland
|b Andrew
|4 690
|
| 702 |
|
0 |
|a Barr
|b Nathan
|4 230
|
| 900 |
|
|
|a Film
|
| 901 |
|
|
|a Accessible au prêt
|
| 995 |
|
|
|a Bibliothèque
|c Bibliothèque
|f 00156008898330
|h 00156008898330
|k F STA
|o p
|q a
|r gd
|e Bibliothèque
|